000 00567nam a2200181 i 4500
001 41685
003 ES-MaACL
005 20251206063029.0
007 t|
008 030311s1932 sp ||||1| spa d
100 0 _aCasso y Romero, Ignacio de
_936371
245 1 0 _aNociones de derecho hipotecario, o del registro de inmuebles /
_cpor Ignacio de Casso Romero.
250 _a2ยช ed. corr.
260 _aSevilla :
_b[s.n.],
_c1932 (
_fEulogio de las Heras)
300 _a98 p. ;
_c22 cm.
852 _aES-MaACL
_j1807-F-24
_bR.18227
999 _c41685
_d41685